banner-ar

خطط التنمية العربية واتجاهاتها التكاملية والتنافرية : (Record no. 35283)

MARC details
000 -الفاتح
حقل البيانات ثابتة الطول 00888nam a2200205Ia 4500
005 - وقت وتاريخ اخر تعامل مع التسجيلة
رقم الضبط 20240530102914.0
008 - عناصر البيانات ثابتة الطول - معلومات عامة
حقل البيانات ثابتة الطول 140319s9999 xx 000 0 ara d
040 ## - مصدر الفهرسة
وكالة الفهرسة الأصلية GCL /
وكالة النسخ GCL
082 04 - رقم تصنيف ديوى العشرى
رقم التصنيف 338.9
رقم المادة م خ
100 1# - المدخل الرئيسى - إسم شخصى
الإسم الشخصى محمود الحمصى
245 10 - بيان العنوان
العنوان خطط التنمية العربية واتجاهاتها التكاملية والتنافرية :
بقية العنوان دراسة للاتجاعات الانمائية فى خطط التنمية العربية المعاصرة ازاء التكامل الاقتصادى العربى 1960 - 1980 /
بيان المسئوليه,etc محمود الحمصى
260 ## - PUBLICATION, DISTRIBUTION, ETC. (IMPRINT)
تاريخ النشر أو التوزيع 1980
300 ## - الوصف المادى
التعداد 252 ص
تفاصيل ماديه اخرى للوعاء 24 سم
650 04 - المدخل الاضافى بالموضوع-مصطلح موضوعى
مصطلح موضوعي العالم العربى
650 04 - المدخل الاضافى بالموضوع-مصطلح موضوعى
مصطلح موضوعي الاقتصاد
650 04 - المدخل الاضافى بالموضوع-مصطلح موضوعى
مصطلح موضوعي التنمية الاقتصادية
700 1# - المدخل الاضافى - اسم شخصى
الإسم الشخصى محمود الحمصى
942 ## - عناصر المدخل الإضافي( كوها)
مصدر التصنيف او مخطط الترفيف Dewey Decimal Classification
Koha [default] item type كتاب
260 ## - PUBLICATION, DISTRIBUTION, ETC. (IMPRINT)
-- [ بيروت] :
-- مركز دراسات الوحدة العربية ،
Holdings
حالة التراجع حالة الفقد حالة تلف ليس للاعارة المكان المؤقت الموقع الحالى تاريخ الاكتساب اجمالي اﻻعارات رقم الطلب الباركود تاريخ اخر مشاهدة تاريخ تفعيل السعر نوع وعاء كوها
        مكتبة القاهرة الكبرى مكتبة القاهرة الكبرى 03/26/2014   338.9\م خ 85849 03/26/2014 03/26/2014 كتاب
        مكتبة القاهرة الكبرى مكتبة القاهرة الكبرى 03/26/2014   338.9\م خ 85850 03/26/2014 03/26/2014 كتاب

Powered By

EGPV